000 00547nam a22001817a 4500
005 20231106121725.0
008 231106b |||||||| |||| 00| 0 eng d
020 _a9780409022247 ; 9780409022889
041 _aEnglish
082 _a346.5 OLI
100 _aOlivier, PA et al.
_lEnglish
245 _aTrust Law and Practice /
_cPA Olivier et al.
250 _aSecond Edition
260 _aDurban :
_bLexisNexis (Pty) Ltd
_c2008
300 _b237 pages ;
_c26 cm.
650 _aLegal practice
_bLaw
942 _cBK
_6ALISON_BN_VRIES
999 _c318
_d318